| 000 | 00376nam a2200109Ia 4500 | ||
|---|---|---|---|
| 008 | 160609s9999 xx 000 0 und d | ||
| 100 | _aKishk, Ahmed. | ||
| 245 | _aAdvancement in Microstrip Antennas with Recent Applications | ||
| 245 | _cby Ahmed Kishk | ||
| 260 | _c2013 | ||
| 856 | _uhttp://www.intechopen.com/books/advancement-in-microstrip-antennas-with-recent-applications | ||
| 999 |
_c295670 _d295670 |
||